[Event "Moscow Open Young GM"]
[Site "Moscow RUS"]
[Date "2011.01.31"]
[Round "5"]
[White "Grachev, Boris"]
[Black "Zhigalko, Sergei"]
[Result "1/2-1/2"]
[WhiteTitle "GM"]
[BlackTitle "GM"]
[WhiteElo "2660"]
[BlackElo "2671"]
[WhiteFideId "4129199"]
[BlackFideId "13502956"]
[EventDate "2011.01.27"]

1. d4 Nf6 2. c4 e6 3. Nf3 b6 4. Nc3 Bb4 5. e3 Bb7 6. Bd3 O-O 7. O-O d5 8. cxd5
exd5 9. a3 Bd6 10. b4 Re8 11. Qb3 c6 12. Ne2 Nbd7 13. Ng3 Ne4 14. Bb2 g6 15. b5
c5 16. dxc5 Ndxc5 17. Qd1 Rc8 18. Bb1 Be7 19. a4 a5 1/2-1/2

[Event "Moscow Open Young GM"]
[Site "Moscow RUS"]
[Date "2011.01.31"]
[Round "5"]
[White "Inarkiev, Ernesto"]
[Black "Krylov, Mikhail"]
[Result "1-0"]
[WhiteTitle "GM"]
[BlackTitle "IM"]
[WhiteElo "2672"]
[BlackElo "2499"]
[WhiteFideId "4162722"]
[BlackFideId "4151364"]
[EventDate "2011.01.27"]

1. e4 e5 2. Nf3 Nc6 3. Bb5 a6 4. Ba4 Nf6 5. O-O b5 6. Bb3 Bc5 7. c3 d6 8. d4 Bb6
9. h3 Bb7 10. Re1 h6 11. Be3 O-O 12. d5 Ne7 13. Bxb6 cxb6 14. Nbd2 Nd7 15. Bc2
Rc8 16. Nf1 f5 17. exf5 Nf6 18. Ne3 Nfxd5 19. Bb3 Rc5 20. Nh4 Kh7 21. Ng6 Rf6
22. Nxe7 Nxe3 23. fxe3 Qxe7 24. e4 Bc6 25. Qd3 Be8 26. Rad1 Bf7 27. Bxf7 Qxf7
28. a3 g6 29. Rf1 gxf5 30. Rxf5 Rxf5 31. exf5 d5 32. b4 e4 33. Qg3 Rc8 34. Qd6
Rxc3 35. Rxd5 Rc1+ 36. Kh2 Qc7 37. Qxc7+ Rxc7 38. Re5 Rc3 39. Rxe4 Rxa3 40. Re7+
Kg8 41. Re6 Ra4 42. Rxh6 Rxb4 43. Rxb6 a5 44. g4 a4 45. g5 a3 46. g6 Kg7 47.
Rb7+ Kf6 48. Rf7+ Ke5 49. g7 Rb2+ 50. Kg3 Rb1 51. Kf2 a2 52. Ra7 Rb2+ 53. Kg3
Rb3+ 54. Kh4 1-0

[Event "Moscow Open Young GM"]
[Site "Moscow RUS"]
[Date "2011.01.31"]
[Round "5"]
[White "Safarli, Eltaj"]
[Black "Alekseev, Evgeny"]
[Result "1/2-1/2"]
[WhiteTitle "GM"]
[BlackTitle "GM"]
[WhiteElo "2629"]
[BlackElo "2701"]
[WhiteFideId "13402129"]
[BlackFideId "4138147"]
[EventDate "2011.01.27"]

1. e4 e5 2. Nf3 Nc6 3. Bb5 Nf6 4. O-O Nxe4 5. d4 Nd6 6. Bxc6 dxc6 7. dxe5 Nf5 8.
Qxd8+ Kxd8 9. Nc3 Ke8 10. h3 h5 11. Bg5 Be6 12. Ne2 Be7 13. Nf4 Bd5 14. Bxe7
Kxe7 15. Ng5 Nd4 16. Rad1 Ne6 17. Ngxe6 Bxe6 18. h4 g6 19. f3 a5 20. a3 a4 21.
Rfe1 Ra5 22. c3 Rb5 23. Re2 Ra8 24. Rd4 Raa5 25. Kf2 Rxe5 26. Rxe5 Rxe5 27. Rxa4
Rb5 28. Rb4 Bc8 29. Ke3 Kd6 30. Rxb5 cxb5 31. Nd3 Kd5 1/2-1/2

[Event "Moscow Open Young GM"]
[Site "Moscow RUS"]
[Date "2011.01.31"]
[Round "5"]
[White "Chadaev, Nikolai"]
[Black "Cheparinov, Ivan"]
[Result "1/2-1/2"]
[WhiteTitle "GM"]
[BlackTitle "GM"]
[WhiteElo "2568"]
[BlackElo "2665"]
[WhiteFideId "4167392"]
[BlackFideId "2905540"]
[EventDate "2011.01.27"]

1. e4 e5 2. Nf3 Nc6 3. Bb5 Nf6 4. O-O Nxe4 5. Re1 Nd6 6. Nxe5 Be7 7. Bf1 Nf5 8.
Nf3 O-O 9. d4 d5 10. c3 Nh4 11. Nxh4 Bxh4 12. Bd3 Bf6 13. Nd2 Ne7 14. Nf1 Bf5
15. Ng3 Bxd3 16. Qxd3 Bh4 17. Nf5 1/2-1/2

[Event "Moscow Open Young GM"]
[Site "Moscow RUS"]
[Date "2011.01.31"]
[Round "5"]
[White "Hess, Robert L"]
[Black "Sjugirov, Sanan"]
[Result "0-1"]
[WhiteTitle "GM"]
[BlackTitle "GM"]
[WhiteElo "2572"]
[BlackElo "2626"]
[WhiteFideId "2022036"]
[BlackFideId "4189302"]
[EventDate "2011.01.27"]

1. e4 c5 2. Nf3 Nc6 3. Bb5 d6 4. Bxc6+ bxc6 5. O-O Bg4 6. c3 Nf6 7. h3 Bh5 8.
Re1 Nd7 9. d4 e6 10. d5 cxd5 11. exd5 Bxf3 12. Qxf3 e5 13. Qg3 g6 14. Na3 Bg7
15. Bg5 f6 16. Bd2 O-O 17. h4 Nb6 18. c4 f5 19. Rab1 Nd7 20. Nb5 Nf6 21. Bg5 Qd7
22. b4 cxb4 23. Rxb4 Ne4 24. Qa3 a6 25. Ra4 Nc5 26. Ra5 Rac8 27. Nc3 f4 28. Na4
h6 29. Nxc5 dxc5 30. Bxh6 Bxh6 31. Rxa6 Qf5 32. Re6 Bg7 33. Qa6 Kh7 34. Re7 Kh8
35. Qa7 Bf6 36. Rf7 f3 37. Rxf8+ Rxf8 38. Qxc5 Rf7 39. Qe3 fxg2 40. Qe4 Qh3 41.
Qxg2 Qc3 42. Re4 Be7 43. Qg4 Qc2 44. Qe2 Qb1+ 45. Kg2 Bc5 46. f4 Ra7 0-1

[Event "Moscow Open Young GM"]
[Site "Moscow RUS"]
[Date "2011.02.01"]
[Round "6"]
[White "Cheparinov, Ivan"]
[Black "Hess, Robert L"]
[Result "1-0"]
[WhiteTitle "GM"]
[BlackTitle "GM"]
[WhiteElo "2665"]
[BlackElo "2572"]
[WhiteFideId "2905540"]
[BlackFideId "2022036"]
[EventDate "2011.01.27"]

1. d4 Nf6 2. c4 e6 3. Nf3 Bb4+ 4. Nbd2 c5 5. a3 Bxd2+ 6. Bxd2 cxd4 7. Nxd4 Nc6
8. Bc3 O-O 9. e3 Ne4 10. Rc1 Qh4 11. g3 Qf6 12. Qc2 Nxc3 13. Qxc3 Nxd4 14. Qxd4
Qxd4 15. exd4 b6 16. Bg2 Rb8 17. Kd2 Bb7 18. Bxb7 Rxb7 19. b4 d6 20. Rc3 Rc8 21.
Rhc1 Kf8 22. c5 bxc5 23. dxc5 Rc6 24. cxd6 Rxd6+ 25. Rd3 Ke7 26. Rc5 Rbd7 27.
Rxd6 Rxd6+ 28. Kc3 Kd7 29. a4 a6 30. f4 g6 31. b5 axb5 32. axb5 Rd1 33. Kb4 Rd2
34. b6 Kd6 35. Rc8 Rb2+ 36. Ka5 Ra2+ 37. Kb5 Rb2+ 38. Ka6 Ra2+ 39. Kb7 Rxh2 40.
Rc6+ Kd7 41. Rc7+ Kd8 42. Rxf7 Rg2 43. Ka7 Ra2+ 44. Kb8 h5 45. Ra7 1-0

[Event "Moscow Open Young GM"]
[Site "Moscow RUS"]
[Date "2011.02.01"]
[Round "6"]
[White "Krylov, Mikhail"]
[Black "Safarli, Eltaj"]
[Result "1/2-1/2"]
[WhiteTitle "IM"]
[BlackTitle "GM"]
[WhiteElo "2499"]
[BlackElo "2629"]
[WhiteFideId "4151364"]
[BlackFideId "13402129"]
[EventDate "2011.01.27"]

1. d4 Nf6 2. c4 g6 3. Nc3 d5 4. Nf3 Bg7 5. Qb3 dxc4 6. Qxc4 O-O 7. e4 a6 8. e5
b5 9. Qb3 Nfd7 10. e6 fxe6 11. Ng5 Nf6 12. Nxe6 Bxe6 13. Qxe6+ Kh8 14. Be3 Qd6
15. Qxd6 cxd6 16. Be2 Nc6 17. h4 Rfc8 18. g4 e5 19. g5 Nh5 20. dxe5 Nxe5 21. Rd1
Nc4 22. Bxc4 Rxc4 23. Rxd6 Bxc3+ 24. bxc3 Kg8 25. Kd2 Ra4 26. Kc2 Ng7 27. Rd7
Rxa2+ 28. Kb3 Ra4 29. h5 gxh5 30. Bd4 Ne6 31. Rxh5 Nxd4+ 32. cxd4 Rf8 33. Rhxh7
Rf3+ 34. Kc2 Ra2+ 35. Kb1 Raxf2 36. Rdg7+ Kf8 37. Rc7 Rf1+ 1/2-1/2

[Event "Moscow Open Young GM"]
[Site "Moscow RUS"]
[Date "2011.02.01"]
[Round "6"]
[White "Zhigalko, Sergei"]
[Black "Inarkiev, Ernesto"]
[Result "1/2-1/2"]
[WhiteTitle "GM"]
[BlackTitle "GM"]
[WhiteElo "2671"]
[BlackElo "2672"]
[WhiteFideId "13502956"]
[BlackFideId "4162722"]
[EventDate "2011.01.27"]

1. e4 e5 2. Nf3 Nc6 3. Bb5 a6 4. Ba4 Nf6 5. O-O Be7 6. Re1 b5 7. Bb3 d6 8. c3
O-O 9. h3 Re8 10. d4 Bb7 11. Nbd2 Bf8 12. a3 h6 13. d5 Nb8 14. Nh2 Nbd7 15. Qf3
c6 16. dxc6 Bxc6 17. Ng4 Nc5 18. Ba2 Ra7 19. b4 Na4 20. Nf1 Nxg4 21. hxg4 Rd7
22. c4 Nb6 23. cxb5 axb5 24. Ne3 d5 25. exd5 Nxd5 26. Nxd5 Bxd5 27. Bxd5 Rxd5
28. Bb2 Qd6 29. Rac1 Rd8 30. Rc2 f6 31. Bc1 Rd3 32. Qe4 Rd1 33. Kf1 Qd7 34. Qe2
Rd4 35. f3 Rd3 36. Qe4 Qf7 37. Qc6 R3d5 38. Be3 h5 39. gxh5 Qxh5 40. Qe6+ Kh7
41. Kg1 R5d6 42. Qa2 Qf5 43. Kf2 Qe6 1/2-1/2

[Event "Moscow Open Young GM"]
[Site "Moscow RUS"]
[Date "2011.02.01"]
[Round "6"]
[White "Rakhmanov, Aleksandr"]
[Black "Grachev, Boris"]
[Result "1/2-1/2"]
[WhiteTitle "GM"]
[BlackTitle "GM"]
[WhiteElo "2590"]
[BlackElo "2660"]
[WhiteFideId "4173708"]
[BlackFideId "4129199"]
[EventDate "2011.01.27"]

1. d4 d5 2. Nf3 Nf6 3. e3 c6 4. Bd3 Bg4 5. c4 e6 6. Qb3 dxc4 7. Bxc4 Bxf3 8.
gxf3 Qc7 9. Nc3 Be7 10. Bd2 O-O 11. h4 a6 12. Rc1 Nbd7 13. Ne4 Nxe4 14. fxe4 c5
15. e5 b5 16. Bd3 c4 17. Qc2 f5 18. Be2 Nb6 19. f4 Nd5 20. Kf2 Rfc8 21. h5 Qd8
22. Bf3 Ra7 23. e4 Nb4 24. Bxb4 Qxd4+ 25. Ke2 Bxb4 26. Rcd1 Qc5 27. exf5 Ba5 28.
Rd6 Bb6 29. Kd1 Bc7 30. Rd2 Ba5 31. Rd6 c3 32. bxc3 Qe3 33. Qd3 Qxf4 34. fxe6
Re7 35. Re1 Qa4+ 36. Ke2 Qxa2+ 37. Kf1 Qh2 38. Qe2 Qh4 39. Qf2 Qc4+ 40. Kg2 Rf8
41. Qe2 Qxc3 42. Red1 Kh8 43. Rxa6 Bb4 44. Rc6 Qa3 45. Rd5 Ree8 46. Qd3 Qa1 47.
Qe4 Ra8 48. Rc2 Be7 49. Rd1 Qa3 50. Rd3 Qa1 51. Rd1 Qa3 52. Rd3 Qa1 53. Rd1 1/2-1/2

[Event "Moscow Open Young GM"]
[Site "Moscow RUS"]
[Date "2011.02.02"]
[Round "7"]
[White "Grachev, Boris"]
[Black "Kuzubov, Yuriy"]
[Result "1-0"]
[WhiteTitle "GM"]
[BlackTitle "GM"]
[WhiteElo "2660"]
[BlackElo "2624"]
[WhiteFideId "4129199"]
[BlackFideId "14112906"]
[EventDate "2011.01.27"]

1. Nf3 Nf6 2. c4 g6 3. g3 c6 4. Bg2 Bg7 5. Nc3 d5 6. cxd5 cxd5 7. d4 O-O 8. Ne5
e6 9. O-O Nfd7 10. Nf3 Nf6 11. Bf4 Nc6 12. Ne5 Nd7 13. Nxd7 Bxd7 14. Bd6 Re8 15.
e3 Rc8 16. Rc1 Ne7 17. Ba3 Nf5 18. Rc2 Bc6 19. Qd3 Nd6 20. b3 Nb5 21. Nxb5 Bxb5
22. Rxc8 Bxd3 23. Rxd8 Rxd8 24. Rc1 Bb5 25. Rc7 Bc6 26. Bf1 e5 27. Bc5 exd4 28.
exd4 Bf8 29. Bxf8 Kxf8 30. b4 Rb8 31. b5 Be8 32. h4 Kg7 33. Bg2 Kf6 34. Bxd5 Rd8
35. Bb3 Rd7 36. Rc8 Re7 37. a4 Bd7 38. Ra8 Bg4 39. Kg2 b6 40. Bd5 Rc7 41. Bc6
Bd1 42. a5 bxa5 43. d5 Ke5 44. d6 Kxd6 45. Rd8+ Kc5 46. Rxd1 a6 47. Bd7 a4 48.
Rc1+ Kb6 49. Rxc7 Kxc7 50. bxa6 a3 51. a7 1-0

[Event "Moscow Open Young GM"]
[Site "Moscow RUS"]
[Date "2011.02.02"]
[Round "7"]
[White "Inarkiev, Ernesto"]
[Black "Rakhmanov, Aleksandr"]
[Result "1-0"]
[WhiteTitle "GM"]
[BlackTitle "GM"]
[WhiteElo "2672"]
[BlackElo "2590"]
[WhiteFideId "4162722"]
[BlackFideId "4173708"]
[EventDate "2011.01.27"]

1. e4 e6 2. d4 d5 3. Nc3 Nf6 4. e5 Nfd7 5. f4 c5 6. Nf3 Nc6 7. Be3 cxd4 8. Nxd4
Bc5 9. Qd2 Nxd4 10. Bxd4 Bxd4 11. Qxd4 Qb6 12. Nb5 Qxd4 13. Nxd4 Ke7 14. h4 Nb8
15. h5 h6 16. Rh3 Nc6 17. Nf3 Bd7 18. Bd3 Nb4 19. Kd2 Rac8 20. a3 Nxd3 21. cxd3
f6 22. Nd4 fxe5 23. fxe5 Rhg8 24. Rg3 Be8 25. Rh1 a6 26. Rh4 Bf7 27. Ne2 Rc5 28.
Rb4 b5 29. Rbg4 Kf8 30. b4 Rc8 31. Nf4 Rc6 32. Rf3 Ke8 33. Ng6 Bxg6 34. hxg6 Rf8
35. Rxf8+ Kxf8 36. Rf4+ Ke8 37. Rf7 d4 38. Rxg7 Kf8 39. Rf7+ Kg8 40. Ra7 Rc3 41.
Rxa6 Kg7 42. Ke2 Rc2+ 43. Kf3 Rd2 44. Ke4 Rxg2 45. Rxe6 Rg4+ 46. Kd5 h5 47. Re8
Rxg6 48. e6 Rh6 49. Rc8 Kf6 50. Ke4 1-0

[Event "Moscow Open Young GM"]
[Site "Moscow RUS"]
[Date "2011.02.02"]
[Round "7"]
[White "Safarli, Eltaj"]
[Black "Zhigalko, Sergei"]
[Result "1-0"]
[WhiteTitle "GM"]
[BlackTitle "GM"]
[WhiteElo "2629"]
[BlackElo "2671"]
[WhiteFideId "13402129"]
[BlackFideId "13502956"]
[EventDate "2011.01.27"]

1. e4 c5 2. Nf3 Nc6 3. Bb5 Nf6 4. Nc3 Qc7 5. O-O Nd4 6. d3 a6 7. Ba4 b5 8. Bb3
Nxb3 9. axb3 b4 10. Ne2 Bb7 11. Re1 e6 12. Bf4 Qd8 13. Ng3 Be7 14. Nd2 d5 15. e5
Nd7 16. Nh5 g6 17. Ng7+ Kf8 18. Bh6 Kg8 19. Qg4 Qc8 20. Nh5 Bf8 21. Bxf8 Kxf8
22. Nf6 Kg7 23. Qf4 Qd8 24. Nxd7 Qxd7 25. Qf6+ Kg8 26. Ra5 Qc7 27. Rea1 h6 28.
h4 Rh7 29. Nf3 Rg7 30. Nh2 g5 31. Qxh6 Rg6 32. Qh5 Qxe5 33. Nf3 Qxb2 34. Re1
Qxc2 35. Ne5 Rg7 36. Ng4 Qc3 37. Re5 Rg6 38. Rxg5 Rxg5 39. Qxg5+ Kf8 40. Ne5
Qe1+ 41. Kh2 Qxf2 42. Ra2 Qf5 43. Qg3 Qh7 44. Nd7+ Ke7 45. Nxc5 Bc8 46. Qc7+ Kf8
47. Qd8+ Kg7 48. Rf2 e5 49. Qf6+ Kf8 50. Rf3 Bg4 51. Rg3 Qh5 52. Nd7+ 1-0

[Event "Moscow Open Young GM"]
[Site "Moscow RUS"]
[Date "2011.02.02"]
[Round "7"]
[White "Chadaev, Nikolai"]
[Black "Krylov, Mikhail"]
[Result "1-0"]
[WhiteTitle "GM"]
[BlackTitle "IM"]
[WhiteElo "2568"]
[BlackElo "2499"]
[WhiteFideId "4167392"]
[BlackFideId "4151364"]
[EventDate "2011.01.27"]

1. e4 e5 2. Nf3 Nc6 3. Bb5 a6 4. Ba4 Nf6 5. O-O b5 6. Bb3 Bc5 7. Nc3 d6 8. Nd5
Bg4 9. c3 Nxd5 10. Bxd5 Qd7 11. h3 Bxf3 12. Qxf3 O-O 13. Qg4 Qe8 14. d4 h5 15.
Qg3 exd4 16. Bh6 Qe5 17. f4 dxc3+ 18. Kh1 h4 19. Qg4 Qf6 20. Bg5 Qg6 21. f5 Qh7
22. Bxc6 cxb2 23. Rab1 Bd4 24. Qd1 Be5 25. Bxa8 Rxa8 26. Qd5 1-0

[Event "Moscow Open Young GM"]
[Site "Moscow RUS"]
[Date "2011.02.02"]
[Round "7"]
[White "Hess, Robert L"]
[Black "Alekseev, Evgeny"]
[Result "0-1"]
[WhiteTitle "GM"]
[BlackTitle "GM"]
[WhiteElo "2572"]
[BlackElo "2701"]
[WhiteFideId "2022036"]
[BlackFideId "4138147"]
[EventDate "2011.01.27"]

1. e4 c5 2. Nc3 e6 3. g3 Nc6 4. Bg2 g6 5. d3 Bg7 6. Be3 d6 7. Qd2 Rb8 8. a3 Nd4
9. Rb1 Ne7 10. b4 b6 11. Nd1 e5 12. f4 O-O 13. fxe5 Bxe5 14. c3 Ne6 15. d4 cxd4
16. cxd4 Bg7 17. d5 Nc7 18. Ne2 f5 19. O-O fxe4 20. Ndc3 Nf5 21. Bg5 e3 22. Bxe3
Nxe3 23. Qxe3 Bf5 24. Rbc1 Qe8 25. Qd2 Qe5 26. Kh1 Rbe8 27. Nf4 Qe3 28. Qxe3
Rxe3 29. Nd1 Re7 30. Rc6 Bc8 31. Rxd6 Ba6 32. Rg1 Bd4 33. Ne6 Bxg1 34. Kxg1 Nxe6
35. dxe6 Bc4 36. h4 Rxe6 37. Rd4 Bb3 38. Nc3 Re3 39. Ne4 Kg7 40. Ng5 Re7 41. Be4
Rc8 42. Rd6 Rcc7 43. b5 Rcd7 44. Rc6 Rd4 45. Rc3 Bc4 46. Bc6 h6 0-1

[Event "Moscow Open Young GM"]
[Site "Moscow RUS"]
[Date "2011.02.02"]
[Round "7"]
[White "Sjugirov, Sanan"]
[Black "Cheparinov, Ivan"]
[Result "1-0"]
[WhiteTitle "GM"]
[BlackTitle "GM"]
[WhiteElo "2626"]
[BlackElo "2665"]
[WhiteFideId "4189302"]
[BlackFideId "2905540"]
[EventDate "2011.01.27"]

1. e4 e5 2. Nf3 Nc6 3. Bb5 a6 4. Ba4 Nf6 5. O-O Be7 6. d3 b5 7. Bb3 d6 8. a4 Bd7
9. c3 O-O 10. Nbd2 Na5 11. Bc2 c5 12. Re1 Re8 13. Nf1 Nc6 14. h3 h6 15. Ng3 Bf8
16. Bb3 Na5 17. Bc2 Nc6 18. Nh4 g6 19. Bb3 Be6 20. Bxe6 Rxe6 21. Nf3 Re8 22. h4
h5 23. Bg5 Bg7 24. axb5 axb5 25. Qb3 Qb6 26. Bxf6 Bxf6 27. Nf1 Ne7 28. c4 Ra5
29. Ne3 b4 30. Nd5 Nxd5 31. cxd5 Rea8 32. Rxa5 Qxa5 33. g3 Qa2 34. Qxa2 Rxa2 35.
Rb1 Kf8 36. Kf1 Bg7 37. Nd2 Ke7 38. Ke2 Bh6 39. Nc4 Bg7 40. Kd2 Bf6 41. Kc2 Ra8
42. Rh1 Bg7 43. f3 Ra6 44. Rg1 Ra8 45. Kb3 Bh6 46. Rf1 Bg7 47. Rh1 Bh6 48. Rg1
Bg7 49. Rf1 Bf6 50. Rh1 Bg7 51. Kc2 Bh6 52. Rf1 Bg7 53. f4 exf4 54. gxf4 Bf6 55.
Rh1 Bd4 56. Kb3 Ra7 57. Rf1 Ra8 58. e5 dxe5 59. fxe5 f5 60. exf6+ Bxf6 61. Re1+
Kf8 62. Re6 Kg7 63. Ne5 Ra7 64. d6 Ra6 65. Nd7 Bxh4 66. Nxc5 Ra8 67. d7 Kf7 68.
Re4 Be7 69. Rf4+ Kg8 70. Re4 Kf7 71. Rf4+ Kg8 72. Ne6 h4 73. Kc4 g5 74. Nxg5
Bxg5 75. Rg4 Kf7 76. Rxg5 Ke6 77. Rh5 Kxd7 78. Rxh4 Ra1 79. Rh7+ Kc6 80. Rh6+
Kc7 81. Kxb4 Rd1 82. Kc4 Rc1+ 83. Kd5 Rb1 84. Rc6+ Kb7 85. Rc2 Rh1 86. d4 Rh5+
87. Kc4 Kc6 88. Re2 Kb6 89. Re6+ Kc7 90. b4 Rg5 91. Rh6 Kb7 92. d5 Rg1 93. Kc5
Rc1+ 94. Kd6 Rd1 95. Rh7+ Kb6 96. Ke6 Re1+ 97. Kd7 Kb7 98. d6 1-0

[Event "Moscow Open Young GM"]
[Site "Moscow RUS"]
[Date "2011.02.03"]
[Round "8"]
[White "Kuzubov, Yuriy"]
[Black "Cheparinov, Ivan"]
[Result "1/2-1/2"]
[WhiteTitle "GM"]
[BlackTitle "GM"]
[WhiteElo "2624"]
[BlackElo "2665"]
[WhiteFideId "14112906"]
[BlackFideId "2905540"]
[EventDate "2011.01.27"]

1. Nf3 Nf6 2. g3 g6 3. Bg2 Bg7 4. c4 O-O 5. d4 d5 6. cxd5 Nxd5 7. O-O Nb6 8. Nc3
Nc6 9. e3 Re8 10. Re1 a5 11. Nb5 a4 12. Bd2 e5 13. dxe5 Nxe5 14. Bc3 Qe7 15.
Nxe5 Bxe5 16. Rc1 Bxc3 17. Rxc3 Rd8 18. Qc1 c6 19. Nd4 Be6 20. a3 Rd6 21. Rc5
Nd7 22. Rc3 Nb6 23. Rc5 1/2-1/2

[Event "Moscow Open Young GM"]
[Site "Moscow RUS"]
[Date "2011.02.03"]
[Round "8"]
[White "Alekseev, Evgeny"]
[Black "Sjugirov, Sanan"]
[Result "1/2-1/2"]
[WhiteTitle "GM"]
[BlackTitle "GM"]
[WhiteElo "2701"]
[BlackElo "2626"]
[WhiteFideId "4138147"]
[BlackFideId "4189302"]
[EventDate "2011.01.27"]

1. d4 d5 2. c4 e6 3. Nf3 Nf6 4. g3 Bb4+ 5. Bd2 Be7 6. Bg2 O-O 7. O-O c6 8. Qc2
b6 9. Rd1 Ba6 10. Ne5 Nfd7 11. cxd5 cxd5 12. e4 Nxe5 13. exd5 Be2 14. dxe5 Bxd1
15. Qxd1 exd5 16. Nc3 Nc6 17. Nxd5 Nxe5 18. Bc3 Bd6 19. f4 Ng6 20. f5 Ne5 21. f6
Rc8 22. fxg7 Kxg7 23. Qd2 Kh8 24. Rf1 f6 25. Kh1 Rxc3 26. Qxc3 Ng6 27. b3 Be5
28. Qc2 Qd7 29. Ne3 Ne7 30. Rd1 Qc8 31. Qd3 f5 32. Qd7 Qc5 33. Nc4 Ng6 34. Qxa7
Bc7 35. Qa3 Qxa3 36. Nxa3 f4 37. Rd7 Bb8 38. gxf4 Nxf4 39. Nc2 Nxg2 40. Kxg2
Bxh2 41. Ne3 Bf4 42. Nd5 b5 43. Kf3 Bc1+ 44. Kg4 Rg8+ 45. Kf5 Rg7 46. Rd8+ Rg8
47. Rxg8+ Kxg8 48. a4 bxa4 1/2-1/2

[Event "Moscow Open Young GM"]
[Site "Moscow RUS"]
[Date "2011.02.03"]
[Round "8"]
[White "Krylov, Mikhail"]
[Black "Hess, Robert L"]
[Result "0-1"]
[WhiteTitle "IM"]
[BlackTitle "GM"]
[WhiteElo "2499"]
[BlackElo "2572"]
[WhiteFideId "4151364"]
[BlackFideId "2022036"]
[EventDate "2011.01.27"]

1. d4 Nf6 2. c4 e6 3. g3 d5 4. Nf3 dxc4 5. Bg2 Bb4+ 6. Bd2 a5 7. Qc2 Bxd2+ 8.
Nbxd2 b5 9. a4 c6 10. O-O Ba6 11. b3 cxb3 12. Nxb3 bxa4 13. Nc5 Bb5 14. Rfd1 Na6
15. e4 O-O 16. Ne5 Nxc5 17. Qxc5 Nd7 18. Nxd7 Qxd7 19. d5 cxd5 20. exd5 Rfc8 21.
Qe3 Rab8 22. Bh3 Rd8 23. Qe1 Qe7 24. dxe6 fxe6 25. Rxd8+ Qxd8 26. Qxe6+ Kh8 27.
Rc1 Bd3 28. Qa2 Qg5 29. Rd1 Qb5 30. Be6 Be4 31. Bc4 Qb4 32. Qe2 Qb1 33. Kf1 h6
34. Ba2 Qb7 35. Rd4 Bf3 36. Qd3 Re8 37. Bd5 Bxd5 38. Rxd5 a3 39. Qb5 Qa8 40. Qb3
Rb8 41. Qc4 Rb1+ 42. Ke2 Rb2+ 43. Kd3 a2 44. Qd4 Qa6+ 0-1

[Event "Moscow Open Young GM"]
[Site "Moscow RUS"]
[Date "2011.02.03"]
[Round "8"]
[White "Zhigalko, Sergei"]
[Black "Chadaev, Nikolai"]
[Result "1-0"]
[WhiteTitle "GM"]
[BlackTitle "GM"]
[WhiteElo "2671"]
[BlackElo "2568"]
[WhiteFideId "13502956"]
[BlackFideId "4167392"]
[EventDate "2011.01.27"]

1. d4 d5 2. c4 dxc4 3. e4 e5 4. Nf3 exd4 5. Bxc4 Bb4+ 6. Nbd2 Nc6 7. O-O Qf6 8.
e5 Qg6 9. Nb3 Bg4 10. h3 Bxh3 11. Ng5 Be6 12. Nxe6 fxe6 13. Nxd4 Rd8 14. Bd3 Qf7
15. Nxc6 bxc6 16. Qb3 Bc5 17. Bc4 Ne7 18. Bxe6 Qh5 19. Be3 Qxe5 20. Bxc5 Qxc5
21. Rad1 Rxd1 22. Rxd1 Ng6 23. Bf7+ 1-0

[Event "Moscow Open Young GM"]
[Site "Moscow RUS"]
[Date "2011.02.03"]
[Round "8"]
[White "Rakhmanov, Aleksandr"]
[Black "Safarli, Eltaj"]
[Result "1/2-1/2"]
[WhiteTitle "GM"]
[BlackTitle "GM"]
[WhiteElo "2590"]
[BlackElo "2629"]
[WhiteFideId "4173708"]
[BlackFideId "13402129"]
[EventDate "2011.01.27"]

1. d4 Nf6 2. c4 g6 3. Nc3 d5 4. Nf3 Bg7 5. Bg5 Ne4 6. cxd5 Nxg5 7. Nxg5 e6 8.
Qa4+ c6 9. dxc6 Nxc6 10. Nf3 Bd7 11. Qd1 Qb6 12. Qd2 Nxd4 13. O-O-O Rd8 14. Nxd4
Bc6 15. e3 e5 16. Qe1 exd4 17. exd4+ Kf8 18. d5 Bxd5 19. Rxd5 Rxd5 20. Qe7+ Kxe7
21. Nxd5+ Kd6 22. Nxb6 axb6 1/2-1/2

[Event "Moscow Open Young GM"]
[Site "Moscow RUS"]
[Date "2011.02.03"]
[Round "8"]
[White "Grachev, Boris"]
[Black "Inarkiev, Ernesto"]
[Result "1-0"]
[WhiteTitle "GM"]
[BlackTitle "GM"]
[WhiteElo "2660"]
[BlackElo "2672"]
[WhiteFideId "4129199"]
[BlackFideId "4162722"]
[EventDate "2011.01.27"]

1. d4 d5 2. c4 c6 3. e3 Nf6 4. Nf3 Bg4 5. Bd3 e6 6. Qb3 Qb6 7. Ne5 Bh5 8. Nc3
Nbd7 9. Nxd7 Nxd7 10. Qc2 Bg6 11. b3 Qa6 12. e4 Bb4 13. Bd2 dxe4 14. Nxe4 Bxd2+
15. Nxd2 O-O 16. O-O c5 17. Bxg6 hxg6 18. Nf3 Rfd8 19. Rad1 Qb6 20. h3 Nf6 21.
dxc5 Qxc5 22. Rxd8+ Rxd8 23. Rd1 Rd6 24. Rd3 Qf5 25. Rxd6 Qxc2 26. Rd8+ Kh7 27.
Ng5+ 1-0

[Event "Moscow Open Young GM"]
[Site "Moscow RUS"]
[Date "2011.02.04"]
[Round "9"]
[White "Inarkiev, Ernesto"]
[Black "Kuzubov, Yuriy"]
[Result "1/2-1/2"]
[WhiteTitle "GM"]
[BlackTitle "GM"]
[WhiteElo "2672"]
[BlackElo "2624"]
[WhiteFideId "4162722"]
[BlackFideId "14112906"]
[EventDate "2011.01.27"]

1. e4 c5 2. Nf3 Nc6 3. d4 cxd4 4. Nxd4 g6 5. c4 Bg7 6. Be3 Nf6 7. Nc3 O-O 8. Be2
d6 9. O-O Bd7 10. Qd2 Nxd4 11. Bxd4 Bc6 12. f3 Nd7 13. Be3 a5 14. b3 Nc5 15.
Rab1 Qb6 16. Rfc1 Qb4 17. Rc2 Rfc8 18. Qc1 Qb6 19. Qd2 Qb4 20. Qc1 Qb6 21. Qd2
Qb4 1/2-1/2

[Event "Moscow Open Young GM"]
[Site "Moscow RUS"]
[Date "2011.02.04"]
[Round "9"]
[White "Chadaev, Nikolai"]
[Black "Rakhmanov, Aleksandr"]
[Result "1/2-1/2"]
[WhiteTitle "GM"]
[BlackTitle "GM"]
[WhiteElo "2568"]
[BlackElo "2590"]
[WhiteFideId "4167392"]
[BlackFideId "4173708"]
[EventDate "2011.01.27"]

1. Nf3 Nf6 2. g3 g6 3. Bg2 Bg7 4. O-O O-O 5. c4 c6 6. d4 d5 7. Nbd2 Bf5 8. b3
Ne4 9. Bb2 Nd7 10. Nh4 Nxd2 11. Qxd2 Be6 12. e4 dxe4 13. Bxe4 Bh3 14. Bg2 Bxg2
15. Nxg2 a5 16. Rad1 a4 17. Ne3 axb3 18. axb3 Qa5 19. Qc2 Qh5 20. Bc3 Ra6 21.
Ra1 Rfa8 22. Rxa6 Rxa6 23. Kg2 Nf6 24. Re1 e6 25. h3 Ra8 26. Rh1 Ne8 27. Rd1 Nd6
28. Bb4 Nf5 29. Nxf5 Qxf5 30. Qxf5 gxf5 31. Bc5 Bf8 32. Bxf8 Kxf8 33. g4 fxg4
34. hxg4 Ra3 35. Rd3 b5 36. cxb5 cxb5 37. Kf3 Ke7 38. Ke4 Ra2 39. f4 Re2+ 40.
Kf3 Rh2 41. Ke4 h5 42. gxh5 f5+ 43. Ke3 Rxh5 44. d5 Rh4 45. b4 Rh3+ 46. Kd4
Rxd3+ 47. Kxd3 exd5 48. Kd4 Kd6 1/2-1/2